[Event "FIDE World Bl Team Pool D"]
[Site "London ENG"]
[Date "2025.06.14"]
[Round "7.2"]
[White "Badacsonyi, Stanley"]
[Black "Klimkowski, Jan"]
[Result "1-0"]
[WhiteTitle "FM"]
[BlackTitle "GM"]
[WhiteElo "2300"]
[BlackElo "2508"]
[WhiteTeam "English Knightmares"]
[BlackTeam "Hetman GKS Katowice"]
[WhiteFideId "486973"]
[BlackFideId "21856222"]
[EventDate "2025.06.14"]
[EventType "team"]

1. d4 Nf6 2. c4 e6 3. Nc3 Bb4 4. e3 O-O 5. Bd2 d5 6. Nf3 Re8 7. Rc1 Bf8 8. Bd3
dxc4 9. Bxc4 a6 10. O-O b5 11. Be2 Bb7 12. Qc2 Nbd7 13. a3 c5 14. dxc5 Nxc5 15.
Rfd1 Rc8 16. b4 Nce4 17. Be1 Qb6 18. Qb2 Nd6 19. Ne5 Nd5 20. Nd7 Qa7 21. Nxf8
Rxf8 22. Nxd5 Bxd5 23. Bc3 f6 24. Bd4 Qa8 25. Bc5 Rfd8 26. Bxd6 Rxc1 27. Qxc1
Rxd6 28. e4 Rc6 29. Qe3 Bc4 30. Bf3 e5 31. Bg4 Qb8 32. h4 Rd6 33. Rxd6 Qxd6 34.
Qc5 Qd8 35. Qc6 g6 36. Be6+ Bxe6 37. Qxe6+ Kg7 38. Qxa6 Qd1+ 39. Kh2 Qd3 40. f3
Qe2 41. Qb7+ Kg8 42. Qd5+ Kg7 43. Qd7+ Kh6 44. Qe7 Qe3 45. Qxf6 Qxa3 46. Qf8+
Kh5 47. g4+ 1-0

[Event "FIDE World Bl Team Pool D"]
[Site "London ENG"]
[Date "2025.06.14"]
[Round "7.3"]
[White "Seemann, Jakub"]
[Black "Banerjee, Supratit"]
[Result "1-0"]
[WhiteTitle "IM"]
[BlackTitle "FM"]
[WhiteElo "2450"]
[BlackElo "2311"]
[WhiteTeam "Hetman GKS Katowice"]
[BlackTeam "English Knightmares"]
[WhiteFideId "21874697"]
[BlackFideId "2410079"]
[EventDate "2025.06.14"]
[EventType "team"]

1. e4 e6 2. d4 d5 3. e5 c5 4. c3 Nc6 5. Nf3 Qb6 6. Be2 Bd7 7. O-O Nh6 8. Na3
cxd4 9. cxd4 Nf5 10. Nc2 Be7 11. Kh1 Rc8 12. Rb1 Nb4 13. Nxb4 Qxb4 14. a3 Qb6
15. g4 Nh6 16. Rg1 Bb5 17. Bxb5+ Qxb5 18. Be3 Ng8 19. Qd2 Kd7 20. Rbc1 Nh6 21.
Rce1 Qb3 22. Re2 Rc6 23. Rg3 Rhc8 24. Bxh6 gxh6 25. Qxh6 Rc1+ 26. Kg2 Qd3 27.
Qe3 Qxe3 28. Rxe3 R8c2 29. Rb3 b6 30. g5 Rb1 31. Rh3 Rbxb2 32. Rxb2 Rxb2 33.
Rxh7 Ke8 34. Rh8+ Kd7 35. Ra8 a5 36. h4 Rc2 37. h5 Rc8 38. Ra6 Kc6 39. Ra7 Bxa3
40. Rxf7 a4 41. g6 Bf8 42. Ra7 b5 43. Ng5 Kb6 44. Rf7 a3 45. Rxf8 Rxf8 46. g7
Rg8 47. h6 a2 48. h7 Rxg7 49. h8=Q Rxg5+ 50. Kf3 Rf5+ 51. Kg4 a1=Q 52. Qb8+ Kc6
53. Qc8+ Kb6 54. Qxe6+ Ka5 55. Kxf5 Qxd4 56. f4 Qe4+ 57. Kg5 d4 58. Qd6 d3 59.
e6 Qe2 60. e7 d2 61. Qd8+ Ka4 62. e8=Q Qxe8 63. Qxe8 d1=Q 64. f5 Qd2+ 65. Kg6
Qg2+ 66. Kf7 Qd5+ 67. Qe6 Qb7+ 68. Qe7 Qd5+ 69. Kg6 Qg2+ 70. Kf7 Qd5+ 71. Qe6
Qb7+ 72. Kf8 Qb8+ 73. Qe8 Qd6+ 74. Kf7 Qd5+ 75. Kg6 Qg2+ 76. Kf6 Qd5 77. Qe5
Qc6+ 78. Ke7 Qb7+ 79. Kd6 Qb8+ 80. Kd5 Qb7+ 81. Kd4 Qd7+ 82. Ke3 Qa7+ 83. Qd4+
Qxd4+ 84. Kxd4 b4 85. f6 b3 86. Kc3 Ka3 87. f7 b2 88. f8=Q+ 1-0

[Event "FIDE World Bl Team Pool D"]
[Site "London ENG"]
[Date "2025.06.14"]
[Round "7.4"]
[White "Badacsonyi, Frankie"]
[Black "Cieslak, Patryk"]
[Result "0-1"]
[WhiteTitle "FM"]
[BlackTitle "FM"]
[WhiteElo "2189"]
[BlackElo "2442"]
[WhiteTeam "English Knightmares"]
[BlackTeam "Hetman GKS Katowice"]
[WhiteFideId "460400"]
[BlackFideId "21078882"]
[EventDate "2025.06.14"]
[EventType "team"]

1. d4 Nf6 2. c4 e6 3. Nf3 d5 4. Nc3 Bb4 5. cxd5 exd5 6. Bg5 Nbd7 7. e3 h6 8. Bh4
g5 9. Bg3 Ne4 10. Qc2 h5 11. h4 Nxg3 12. fxg3 Qe7 13. Kf2 Nf6 14. Ne5 Bxc3 15.
bxc3 Ne4+ 16. Kg1 Nxg3 17. Rh2 f6 18. Nf3 Qxe3+ 19. Qf2 Qxf2+ 20. Kxf2 Ne4+ 21.
Ke3 g4 22. Nd2 O-O 23. Nxe4 Re8 24. g3 Rxe4+ 25. Kd2 Re7 26. Bd3 Kg7 27. Rf2 Bd7
28. Bf5 Bb5 29. Bd3 Bd7 30. Bf5 Be8 31. Rb1 b6 32. Re1 Rxe1 33. Kxe1 Bg6 34. Bd7
Rd8 35. Bc6 Rd6 36. Ba4 Re6+ 37. Kd2 c6 38. Bb3 Be4 39. a3 Kg6 40. Bd1 f5 41.
Bb3 Kf6 42. Rf1 Bf3 43. Rf2 c5 44. Bc2 cxd4 45. cxd4 Re7 46. Bd3 Rc7 47. Rf1 Be4
48. Ra1 Bxd3 49. Kxd3 f4 50. gxf4 Kf5 51. a4 g3 52. a5 bxa5 0-1

[Event "FIDE World Bl Team Pool D"]
[Site "London ENG"]
[Date "2025.06.14"]
[Round "7.5"]
[White "Saduakassova, Dinara"]
[Black "Hng, Mei-En Emmanuelle"]
[Result "1/2-1/2"]
[WhiteTitle "IM"]
[BlackTitle "WFM"]
[WhiteElo "2435"]
[BlackElo "2136"]
[WhiteTeam "Hetman GKS Katowice"]
[BlackTeam "English Knightmares"]
[WhiteFideId "13700090"]
[BlackFideId "5804566"]
[EventDate "2025.06.14"]
[EventType "team"]

1. d4 Nf6 2. Nf3 e6 3. Bf4 c5 4. e3 Qb6 5. Nc3 Nc6 6. Rb1 a6 7. Be2 Be7 8. O-O
cxd4 9. exd4 d6 10. Bc4 Qc7 11. Bd3 O-O 12. Bg3 b5 13. Ne4 Nxe4 14. Bxe4 f5 15.
Bxc6 Qxc6 16. d5 Qxd5 17. Qxd5 exd5 18. Rfe1 f4 19. Rxe7 fxg3 20. hxg3 Bf5 21.
Nd4 Bg6 22. Rbe1 Rac8 23. c3 b4 24. cxb4 Rc4 25. Ne6 Rb8 26. Rxg7+ Kh8 27. Ra7
Re8 28. Re3 d4 29. Nxd4 Rxd4 30. Rxe8+ Bxe8 31. Rxa6 Kg7 32. a3 Rd2 33. f3 d5
34. Rd6 Bb5 35. g4 Bc4 36. a4 Rxb2 37. b5 Ra2 38. b6 Rxa4 39. Rd7+ Kg6 40. Rd6+
Kg7 41. Rd7+ Kg6 42. Rd6+ Kg5 43. Rd7 Kg6 44. Rd6+ 1/2-1/2

[Event "FIDE World Bl Team Pool D"]
[Site "London ENG"]
[Date "2025.06.14"]
[Round "7.6"]
[White "Jain, Gautam"]
[Black "Smolinski, Wojciech"]
[Result "0-1"]
[WhiteElo "1979"]
[BlackElo "1987"]
[WhiteTeam "English Knightmares"]
[BlackTeam "Hetman GKS Katowice"]
[WhiteFideId "425311"]
[BlackFideId "21088683"]
[EventDate "2025.06.14"]
[EventType "team"]

1. e4 c5 2. Nc3 d6 3. f4 Nc6 4. Nf3 g6 5. Bc4 Bg7 6. d3 e6 7. O-O Nge7 8. Qe1
O-O 9. Qh4 Nd4 10. Nxd4 cxd4 11. Nd1 d5 12. Bb3 dxe4 13. dxe4 Nc6 14. Qg3 Na5
15. Nf2 Nxb3 16. axb3 Bd7 17. Bd2 Qc7 18. c3 dxc3 19. Bxc3 Rfc8 20. Rfc1 Qb6 21.
Kh1 Qxb3 22. Ra3 Qb6 23. Ng4 Bc6 24. Bxg7 Kxg7 25. Qc3+ Kg8 26. Nf6+ Kf8 27.
Nxh7+ Kg8 28. Nf6+ Kf8 29. Nh7+ Kg8 30. Ng5 Bxe4 31. Qxc8+ Rxc8 32. Rxc8+ Kg7
33. Nxe4 Qxb2 34. h3 Qxa3 35. Kh2 Qe3 36. Ng3 Qxf4 37. Rc2 a5 38. Re2 a4 39. Re4
Qc7 40. Rxa4 b5 41. Rb4 Qc5 42. Rb1 b4 43. Rb3 Qc4 44. Rf3 b3 45. h4 Qxh4+ 46.
Kg1 Qd4+ 47. Kf1 b2 48. Rb3 Qd1+ 49. Kf2 Qxb3 0-1

[Event "FIDE World Bl Team Pool D"]
[Site "London ENG"]
[Date "2025.06.14"]
[Round "7.1"]
[White "Orozbaev, Eldiyar"]
[Black "Cancedda-Dupuis, Livio"]
[Result "1/2-1/2"]
[WhiteTitle "IM"]
[WhiteElo "2367"]
[BlackElo "2053"]
[WhiteTeam "Noval Group Kyrgyzstan"]
[BlackTeam "The London Legends"]
[WhiteFideId "13802240"]
[BlackFideId "499447"]
[EventDate "2025.06.14"]
[EventType "team"]

1. e4 c5 2. c3 Nf6 3. e5 Nd5 4. d4 cxd4 5. Nf3 Nc6 6. cxd4 d6 7. Bc4 dxe5 8.
Bxd5 Qxd5 9. Nc3 Qd6 10. d5 Nd4 11. Nxd4 exd4 12. Qxd4 e5 13. Qe4 Be7 14. f4
exf4 15. Bxf4 Qb4 16. d6 Qxe4+ 17. Nxe4 Bd8 18. O-O O-O 19. Rac1 Be6 20. Nc5
Bxa2 21. Nxb7 Bb6+ 22. Nc5 Rac8 23. Be3 Rfd8 24. Rfd1 Rc6 25. d7 Be6 26. Kf2
Bxc5 27. Bxc5 Rxd7 28. b4 a6 29. Rxd7 Bxd7 30. Rd1 Be8 31. Rd8 Re6 32. h4 h6 33.
g4 Kh7 34. Kg3 Bb5 35. Rb8 Rf6 36. Rb7 Rf3+ 37. Kxf3 Bc6+ 38. Kf4 Bxb7 39. g5
Kg6 40. Bf8 Bc8 41. Be7 hxg5+ 42. hxg5 Bd7 43. Bd8 Bb5 44. Be7 Bd7 45. Bd8 Kh7
46. Ke5 Kg8 47. Kd6 Bb5 48. Be7 Bc4 49. Kc5 Bf1 50. Kd4 Kh7 51. Ke5 Kg6 52. Kf4
Bd3 53. Ke5 Kh5 54. Kf4 Bc4 55. Bf8 Kg6 56. Be7 Be6 57. Bf8 f6 58. gxf6 Kxf6 59.
Ke3 g5 60. Kd2 Kf5 61. Kc3 Ke4 62. Kb2 Kd5 63. Ka1 g4 64. Bc5 a5 65. Kb2 Kc4 66.
Ka3 Bd7 67. Bd6 g3 68. Bxg3 axb4+ 69. Kb2 b3 70. Be5 Kd5 71. Kxb3 Kxe5 1/2-1/2

[Event "FIDE World Bl Team Pool D"]
[Site "London ENG"]
[Date "2025.06.14"]
[Round "7.2"]
[White "Bryant, Harry"]
[Black "Sharshenbekov, Emir"]
[Result "1-0"]
[BlackTitle "CM"]
[WhiteElo "2062"]
[BlackElo "2091"]
[WhiteTeam "The London Legends"]
[BlackTeam "Noval Group Kyrgyzstan"]
[WhiteFideId "489158"]
[BlackFideId "13810634"]
[EventDate "2025.06.14"]
[EventType "team"]

1. e4 e5 2. Nf3 Nf6 3. d4 Nxe4 4. Bd3 d5 5. Nxe5 Bd6 6. c4 Bxe5 7. dxe5 Nc6 8.
cxd5 Qxd5 9. O-O O-O 10. Qc2 Nb4 11. Bxe4 Nxc2 12. Bxd5 Nxa1 13. Be4 Re8 14. Nc3
Rxe5 15. Bf4 Rxe4 16. Nxe4 Nc2 17. Rc1 Nd4 18. Rd1 Nc6 19. Bxc7 Be6 20. a3 b6
21. Bf4 h6 22. Be3 Na5 23. Nd6 Rd8 24. Rd2 Nb3 25. Rd1 Kf8 26. Kf1 Ke7 27. Bf4
g5 28. Bg3 Na5 29. Ke1 f5 30. Be5 Nc6 31. f4 Nxe5 32. fxe5 f4 33. Rc1 Bd5 34.
Rc7+ Ke6 35. Rxa7 Bxg2 36. Nc4 b5 37. Ra6+ Kd5 38. Nd2 Kxe5 39. Rxh6 Rd3 40. Rg6
Kf5 41. Rg8 Re3+ 42. Kf2 Bd5 43. Rf8+ Kg4 44. Rb8 Rh3 45. Nf1 Bc4 46. Kg1 Rb3
47. Nd2 Rd3 48. Nxc4 bxc4 49. Rc8 Rd1+ 50. Kg2 f3+ 51. Kf2 Rd2+ 52. Kf1 Rc2 53.
a4 Kf4 54. a5 Ke3 55. Re8+ Kd3 56. a6 Rc1+ 57. Kf2 Ra1 58. Rd8+ Kc2 59. Rc8 Kb3
60. Rc6 Kxb2 61. Rxc4 Rxa6 62. Kxf3 Rh6 63. Kg3 Kb3 64. Rc5 Rh5 65. h3 Kb4 66.
Rc8 Kb5 67. Rc3 Kb4 68. Rf3 Kc4 69. Kg4 Rh8 70. Kxg5 Kd5 71. h4 Ke4 72. Rf6 Ke5
73. Rg6 Ke4 74. h5 Ke5 75. h6 Rf8 76. h7 Rh8 77. Kh6 Rf8 78. Rg8 1-0

[Event "FIDE World Bl Team Pool D"]
[Site "London ENG"]
[Date "2025.06.14"]
[Round "7.3"]
[White "Zhakshylykov, Erzhan"]
[Black "Dasgupta, Avyukt"]
[Result "1-0"]
[WhiteTitle "IM"]
[WhiteElo "2362"]
[BlackElo "2125"]
[WhiteTeam "Noval Group Kyrgyzstan"]
[BlackTeam "The London Legends"]
[WhiteFideId "13804111"]
[BlackFideId "480630"]
[EventDate "2025.06.14"]
[EventType "team"]

1. d4 Nf6 2. Nc3 d5 3. Bf4 a6 4. e3 Bf5 5. Bd3 Bxd3 6. cxd3 e6 7. Qb3 Qc8 8. Rc1
c6 9. h3 Nbd7 10. Nf3 Be7 11. O-O O-O 12. e4 Ra7 13. Bh2 h6 14. Ne5 Qd8 15. exd5
Nxe5 16. Bxe5 Nxd5 17. Ne4 Bf6 18. Bd6 Be7 19. Be5 Bf6 20. Nc5 Bxe5 21. dxe5 Qb6
22. Qxb6 Nxb6 23. Rc3 Rd8 24. Rb3 Nd7 25. Nxb7 Rb8 26. Na5 Rxb3 27. axb3 Nxe5
28. d4 Nd3 29. Rd1 Nb4 30. Rc1 Rd7 31. Rc4 Rb7 32. Nxb7 1-0

[Event "FIDE World Bl Team Pool D"]
[Site "London ENG"]
[Date "2025.06.14"]
[Round "7.4"]
[White "Patel, Zain"]
[Black "Iunusov, Nuriddin"]
[Result "0-1"]
[BlackTitle "CM"]
[WhiteElo "2045"]
[BlackElo "1953"]
[WhiteTeam "The London Legends"]
[BlackTeam "Noval Group Kyrgyzstan"]
[WhiteFideId "469246"]
[BlackFideId "13803026"]
[EventDate "2025.06.14"]
[EventType "team"]

1. Nf3 Nf6 2. d4 g6 3. c4 Bg7 4. Nc3 O-O 5. e4 d6 6. Be2 e5 7. dxe5 dxe5 8. Qxd8
Rxd8 9. Bg5 Re8 10. Nd5 Nxd5 11. cxd5 c6 12. Bc4 cxd5 13. Bxd5 Nd7 14. Nd2 Nc5
15. Nc4 Be6 16. Nd6 Reb8 17. O-O-O Bxd5 18. Rxd5 Ne6 19. Be3 Nd4 20. Kb1 b6 21.
Rc1 Rd8 22. Rc7 f5 23. Bg5 Rf8 24. Be7 Ne6 25. Rb7 Rfb8 26. Rxb8+ Rxb8 27. exf5
gxf5 28. Nxf5 Re8 29. Nxg7 Kxg7 30. Bh4 Kg6 31. Bg3 e4 32. Re5 Kf7 33. Rxe4 Rd8
34. Kc2 Rc8+ 35. Kd2 Rd8+ 36. Ke2 Rc8 37. Kd2 Rd8+ 38. Kc1 Rc8+ 39. Kb1 Rd8 40.
Re2 Nc5 41. a3 Rd5 42. Bh4 Ne6 43. Rc2 Kg6 44. Bg3 Kf5 45. Ka2 Nc5 46. Re2 Ne4
47. f3 Nc5 48. Re7 Rd2 49. Rxh7 a5 50. Rh5+ Kg6 51. Re5 a4 52. Bf4 Rxg2 53. Be3
Nd3 54. h4 Nxe5 55. Bxb6 Nxf3 56. Kb1 Nxh4 57. Be3 Nf5 58. Bc1 Kf7 59. Ka2 Ke6 0-1

[Event "FIDE World Bl Team Pool D"]
[Site "London ENG"]
[Date "2025.06.14"]
[Round "7.5"]
[White "Lesbekova, Assel"]
[Black "Mokhber-Garcia, Sebastian"]
[Result "1-0"]
[WhiteTitle "WCM"]
[WhiteElo "1948"]
[BlackElo "1853"]
[WhiteTeam "Noval Group Kyrgyzstan"]
[BlackTeam "The London Legends"]
[WhiteFideId "13713248"]
[BlackFideId "499269"]
[EventDate "2025.06.14"]
[EventType "team"]

1. d4 Nf6 2. Bf4 e6 3. e3 d5 4. Nd2 c5 5. Ngf3 Qb6 6. b3 Nc6 7. c3 Nh5 8. Bg5 h6
9. Bh4 g5 10. Bg3 Nxg3 11. hxg3 Bg7 12. Rc1 Bd7 13. Bd3 a6 14. Qe2 Qa5 15. dxc5
Qxc5 16. c4 Qa3 17. O-O Qxa2 18. cxd5 exd5 19. e4 O-O 20. exd5 Rfe8 21. Be4 Ne5
22. Nxe5 Rxe5 23. Rc7 Bb5 24. Qf3 Be8 25. Nc4 Rxe4 26. Qxe4 Qxb3 27. Nd6 Qa4 28.
Qf5 Qa5 29. Nxe8 Qxc7 30. Nxc7 Rd8 31. Re1 Bc3 1-0

[Event "FIDE World Bl Team Pool D"]
[Site "London ENG"]
[Date "2025.06.14"]
[Round "7.6"]
[White "Maton, Emily"]
[Black "Zhunusbekova, Aimonchok"]
[Result "0-1"]
[WhiteElo "1980"]
[BlackElo "1890"]
[WhiteTeam "The London Legends"]
[BlackTeam "Noval Group Kyrgyzstan"]
[WhiteFideId "343120293"]
[BlackFideId "13810251"]
[EventDate "2025.06.14"]
[EventType "team"]

1. d4 f5 2. Bg5 Nf6 3. Nf3 g6 4. c4 Bg7 5. Nc3 d6 6. e3 O-O 7. Be2 c6 8. h4 h6
9. Bf4 Nh5 10. Bh2 Nd7 11. Nd2 Nhf6 12. h5 g5 13. Nb3 e5 14. dxe5 dxe5 15. Qd2
a5 16. O-O-O a4 17. Na1 Qa5 18. Qd6 e4 19. f4 g4 20. Qd2 a3 21. Nb3 axb2+ 22.
Qxb2 Qb4 23. Nd4 Qxb2+ 24. Kxb2 Nxh5 25. Ne6 Bxc3+ 26. Kxc3 Rf6 27. Nc7 Rxa2 28.
Bf1 g3 29. Bg1 Ng7 30. Rb1 Nc5 31. Rd1 Ra3+ 32. Kb2 Rb3+ 33. Kc2 Be6 34. Rd8+
Kh7 35. Nxe6 Ngxe6 36. Rh3 Rg6 37. Re8 Ra3 38. Re7+ Kg8 39. Re8+ Kf7 40. Rh8 Kg7
41. Re8 Ra1 42. Be2 Rxg1 43. Bh5 Rxg2+ 44. Kc3 Rg4 45. Bxg4 fxg4 46. Rh4 Rg1 47.
Rxg4+ Kf6 48. Reg8 h5 49. Rxg3 Rh1 50. R8g6+ Ke7 51. f5 Nf8 52. Rg7+ Kf6 53. Rg8
Ncd7 54. R3g7 Kxf5 55. Rf7+ Ke6 56. Rf4 h4 57. Rxe4+ Kf5 58. Re7 h3 59. Rh7 Nxh7
60. Rg7 Ndf6 61. Rxb7 h2 62. Rc7 Ne4+ 63. Kd4 Rd1# 0-1

[Event "FIDE World Bl Team Pool D"]
[Site "London ENG"]
[Date "2025.06.14"]
[Round "7.1"]
[White "Kohlmann, Robert"]
[Black "Nogerbek, Kazybek"]
[Result "0-1"]
[BlackTitle "GM"]
[WhiteElo "2026"]
[BlackElo "2538"]
[WhiteTeam "REY AHOGADO"]
[BlackTeam "Barys.kz"]
[WhiteFideId "14900467"]
[BlackFideId "13710427"]
[EventDate "2025.06.14"]
[EventType "team"]

1. e4 Nc6 2. Nf3 d6 3. g3 Nf6 4. d3 e5 5. Bg2 g6 6. O-O Bg7 7. Nbd2 d5 8. c3 a5
9. Re1 O-O 10. Qc2 h6 11. Nf1 Re8 12. h3 Be6 13. Be3 Qd7 14. Kh2 Rad8 15. Rad1
Qc8 16. a3 b5 17. N1d2 a4 18. b4 axb3 19. Nxb3 dxe4 20. dxe4 Nd7 21. Bf1 Qa6 22.
Qb2 Bf8 23. a4 0-1

[Event "FIDE World Bl Team Pool D"]
[Site "London ENG"]
[Date "2025.06.14"]
[Round "7.2"]
[White "Makhnev, Denis"]
[Black "Medal Paves, Jose Maria"]
[Result "1-0"]
[WhiteTitle "GM"]
[WhiteElo "2531"]
[BlackElo "1968"]
[WhiteTeam "Barys.kz"]
[BlackTeam "REY AHOGADO"]
[WhiteFideId "13707647"]
[BlackFideId "24501492"]
[EventDate "2025.06.14"]
[EventType "team"]

1. d4 Nf6 2. Nf3 g6 3. Nbd2 Bg7 4. e4 d6 5. Bc4 c6 6. Bb3 O-O 7. O-O b5 8. Re1
c5 9. e5 dxe5 10. dxe5 Nd5 11. c3 Bf5 12. a4 b4 13. Ne4 Bxe4 14. Rxe4 e6 15. c4
Ne7 16. Be3 Qc7 17. g4 Rd8 18. Qe2 Nd7 19. Bg5 Nf8 20. Qe3 Rd7 21. Bc2 Rad8 22.
b3 Qc8 23. Kg2 Qc7 24. Re1 Qc6 25. Kg1 Rc8 26. Qf4 Qc7 27. Qg3 Nc6 28. h4 h6 29.
Be3 Ne7 30. Nh2 Rcd8 31. f4 Qb6 32. Nf3 Nc6 33. h5 Nd4 34. Bxd4 cxd4 35. Bd3 Qc7
36. f5 exf5 37. gxf5 1-0

[Event "FIDE World Bl Team Pool D"]
[Site "London ENG"]
[Date "2025.06.14"]
[Round "7.3"]
[White "Schneider Sanchez, Carlos D."]
[Black "Mamedov, Edgar"]
[Result "0-1"]
[BlackTitle "IM"]
[WhiteElo "2003"]
[BlackElo "2509"]
[WhiteTeam "REY AHOGADO"]
[BlackTeam "Barys.kz"]
[WhiteFideId "22230440"]
[BlackFideId "13739980"]
[EventDate "2025.06.14"]
[EventType "team"]

1. Nf3 d5 2. d4 Nf6 3. c4 e6 4. Nc3 c6 5. cxd5 exd5 6. Bg5 Be7 7. e3 O-O 8. h3
Nbd7 9. Bd3 Re8 10. O-O Ne4 11. Bxe7 Qxe7 12. Qc2 Ndf6 13. Ne5 Bf5 14. f3 Nxc3
15. bxc3 Bxd3 16. Qxd3 c5 17. Rfe1 Rac8 18. Rab1 cxd4 19. cxd4 Rc7 20. Rb3 Rec8
21. Reb1 Nh5 22. Qb5 Qh4 23. Qxd5 Rc1+ 0-1

[Event "FIDE World Bl Team Pool D"]
[Site "London ENG"]
[Date "2025.06.14"]
[Round "7.4"]
[White "Balabayeva, Xeniya"]
[Black "Cujba, Anca-Claudia"]
[Result "1-0"]
[WhiteTitle "WGM"]
[WhiteElo "2352"]
[BlackElo "1741"]
[WhiteTeam "Barys.kz"]
[BlackTeam "REY AHOGADO"]
[WhiteFideId "13719688"]
[BlackFideId "1215612"]
[EventDate "2025.06.14"]
[EventType "team"]

1. d4 Nf6 2. Nf3 e6 3. Bf4 d5 4. e3 c6 5. Nbd2 Be7 6. Bd3 b6 7. Ne5 Bb7 8. Qf3
Nbd7 9. c3 c5 10. h4 c4 11. Bc2 b5 12. h5 Qa5 13. O-O Qb6 14. a4 b4 15. a5 Qd8
16. a6 Bc8 17. Nexc4 Nb6 18. Nxb6 Qxb6 19. h6 g6 20. Be5 Bxa6 21. Rfb1 1-0

[Event "FIDE World Bl Team Pool D"]
[Site "London ENG"]
[Date "2025.06.14"]
[Round "7.5"]
[White "Heimbaecher, Peter"]
[Black "Kairbekova, Amina"]
[Result "0-1"]
[BlackTitle "WIM"]
[WhiteElo "1804"]
[BlackElo "2317"]
[WhiteTeam "REY AHOGADO"]
[BlackTeam "Barys.kz"]
[WhiteFideId "24617431"]
[BlackFideId "13712799"]
[EventDate "2025.06.14"]
[EventType "team"]

1. e4 c5 2. d4 cxd4 3. c3 d3 4. Bxd3 d6 5. c4 g6 6. Nc3 Bg7 7. f4 Nf6 8. Nf3 Nc6
9. a3 Bg4 10. h3 Bxf3 11. Qxf3 Nd4 12. Qf2 Nb3 13. Rb1 Nxc1 14. Rxc1 Nd7 15. O-O
O-O 16. f5 Ne5 17. Be2 Nc6 18. Kh1 Qb6 19. b4 Qxf2 20. Rxf2 a5 21. fxg6 hxg6 22.
Nd5 axb4 23. axb4 e6 24. Nf6+ Bxf6 25. Rxf6 Kg7 26. Rcf1 Nd4 27. Bd3 Nf5 28.
exf5 gxf5 29. R6xf5 exf5 30. Rxf5 Ra4 31. b5 Re8 32. Rg5+ Kh6 33. Rd5 Re6 34.
Kh2 Ra2 35. Kg3 Re3+ 36. Kf4 Re6 37. g4 Rh2 38. Rh5+ Kg7 39. Bf5 Rh6 40. Rxh6
Kxh6 41. g5+ Kg7 42. Bc8 b6 43. Kg3 Rc2 44. h4 Rxc4 45. Bb7 Rc5 46. Bc6 Kg6 47.
Kg4 Rc4+ 48. Kg3 Rb4 49. Be8 d5 50. h5+ Kxg5 51. Bxf7 d4 52. Kf3 Rxb5 53. Ke2
Re5+ 54. Kd3 Re7 55. Bb3 Rd7 56. Bd1 b5 57. Bb3 Kxh5 58. Be6 Rd6 59. Bf7+ Kg5
60. Be8 b4 61. Ba4 Kf4 62. Bd1 Ke5 63. Kc4 Rb6 64. Kc5 Rb8 65. Bb3 d3 66. Bd1
Ke4 67. Kc4 b3 68. Kc3 b2 0-1

[Event "FIDE World Bl Team Pool D"]
[Site "London ENG"]
[Date "2025.06.14"]
[Round "8.1"]
[White "Grischuk, Alexander"]
[Black "Nogerbek, Kazybek"]
[Result "0-1"]
[WhiteTitle "GM"]
[BlackTitle "GM"]
[WhiteElo "2667"]
[BlackElo "2538"]
[WhiteTeam "KazChess"]
[BlackTeam "Barys.kz"]
[WhiteFideId "4126025"]
[BlackFideId "13710427"]
[EventDate "2025.06.14"]
[EventType "team"]

1. e4 e5 2. Nf3 Nc6 3. Bb5 a6 4. Ba4 Nf6 5. O-O Be7 6. Bxc6 dxc6 7. d3 Qd6 8.
Nbd2 Be6 9. Ng5 Nd7 10. Nxe6 Qxe6 11. Nc4 Nb6 12. Na5 O-O-O 13. a3 g5 14. Qe2 h5
15. Bd2 f5 16. exf5 Qxf5 17. Rae1 g4 18. Qe4 Rhf8 19. Bc3 Bd6 20. Bxe5 Bxe5 21.
Qxe5 Rd5 22. Qxf5+ Rdxf5 23. Nc4 Na4 24. b3 Nc3 25. Re3 h4 26. Nd2 b6 27. Ne4
Nd5 28. Ree1 c5 29. g3 h3 30. Re2 a5 31. a4 Nb4 32. Nc3 Nc6 33. Re4 Ne5 34. Nd1
Nf3+ 35. Kh1 Nd2 36. Ree1 Nxf1 37. Rxf1 Re5 38. Kg1 Re2 39. Ne3 Kb7 40. Nxg4
Rxc2 41. Ne5 Re8 42. f4 Rg2+ 43. Kh1 Rb2 44. g4 Rxb3 45. g5 Rf8 46. Kg1 Rb2 47.
g6 Rf6 48. f5 Rg2+ 49. Kh1 Rg5 50. Nf7 Rgxf5 51. Rxf5 Rxf5 52. Kg1 Rf6 53. Ne5
Re6 54. g7 Re8 0-1

[Event "FIDE World Bl Team Pool D"]
[Site "London ENG"]
[Date "2025.06.14"]
[Round "8.2"]
[White "Makhnev, Denis"]
[Black "Rapport, Richard"]
[Result "0-1"]
[WhiteTitle "GM"]
[BlackTitle "GM"]
[WhiteElo "2531"]
[BlackElo "2714"]
[WhiteTeam "Barys.kz"]
[BlackTeam "KazChess"]
[WhiteFideId "13707647"]
[BlackFideId "738590"]
[EventDate "2025.06.14"]
[EventType "team"]

1. d4 Nf6 2. Nf3 d6 3. c4 g6 4. g3 Bg7 5. Bg2 O-O 6. Nc3 c6 7. O-O Qb6 8. b3 e5
9. Bb2 e4 10. Ne1 d5 11. Ba3 Re8 12. Nc2 Na6 13. cxd5 cxd5 14. Rc1 Bh6 15. e3
Bf5 16. Qd2 Qe6 17. Nb5 Bf8 18. Bxf8 Rxf8 19. Nb4 Qb6 20. Nxa6 bxa6 21. Nc3 Bd7
22. Rc2 h5 23. h3 Kg7 24. Rfc1 Rac8 25. Nd1 Rxc2 26. Rxc2 a5 27. Rc5 a4 28. b4
a3 29. Ra5 Rc8 30. Rxa3 Rc4 31. Rb3 Ba4 32. Rb1 Rc2 33. Qe1 Bb5 34. Nc3 Bd3 35.
Na4 Qb5 36. Nc5 Re2 37. Qc1 Bxb1 38. Qxb1 Qc4 39. Nb3 Qxb4 40. Bf1 Re1 41. Qc2
Qc4 42. Qxc4 dxc4 43. Nc5 c3 0-1

[Event "FIDE World Bl Team Pool D"]
[Site "London ENG"]
[Date "2025.06.14"]
[Round "8.3"]
[White "Esipenko, Andrey"]
[Black "Mamedov, Edgar"]
[Result "1-0"]
[WhiteTitle "GM"]
[BlackTitle "IM"]
[WhiteElo "2689"]
[BlackElo "2509"]
[WhiteTeam "KazChess"]
[BlackTeam "Barys.kz"]
[WhiteFideId "24175439"]
[BlackFideId "13739980"]
[EventDate "2025.06.14"]
[EventType "team"]

1. d4 d5 2. Nf3 Nf6 3. g3 e6 4. Bg2 Be7 5. O-O O-O 6. Bf4 Nbd7 7. c4 c6 8. Qc2
Nh5 9. Bc1 Nhf6 10. Nbd2 b6 11. e4 dxc4 12. Nxc4 Bb7 13. Re1 c5 14. Bf4 cxd4 15.
Nd6 Bxd6 16. Bxd6 d3 17. Qd1 Re8 18. e5 Ne4 19. Qxd3 Nxe5 20. Nxe5 Nxd6 21. Bxb7
Nxb7 22. Qf3 Qe7 23. Rad1 Nc5 24. b4 Na6 25. Rd7 Qf6 26. Qa3 Nb8 27. Rxf7 Qg5
28. b5 Qd2 29. Re4 Qd1+ 30. Kg2 Qh5 31. Qe3 a6 32. Rg4 g6 1-0